000
00249 a2200097 4500
100
_a
Sadiku, Mathew
245
_a
Elements of Electromagnetics, 2nd Ed
260
_a
N.Y
_b
Saunders College
_c
1995
090
_c
21237
_d
21237
942
_a
NUST-CAE
_c
M
_c
12489
999
_c
397584
_d
397584